000 00288nam a22001337a 4500
020 _a9780830678115
041 _aeng
080 _a62
090 _bKYB
100 _aKybett, Harry.
245 _aThe Complete Handbook of Videocassette Recorders.
650 _aReference
999 _c279449
_d279449
942 _cBK